| 000 | 00736nam a22002297a 4500 | ||
|---|---|---|---|
| 005 | 20170124110232.0 | ||
| 010 | _aA-707142 | ||
| 020 |
_c00.00 _a8172400535 |
||
| 035 | _aA-707142 | ||
| 037 | _bCen Lib/Ret | ||
| 040 |
_aDPL _bEN |
||
| 082 |
_a382 _bBEH |
||
| 100 |
_aBehl, Ramesh _98342 |
||
| 245 |
_aThe Indian businessman's guide to South America / _cby Ramesh Behl [and] L.D.Mago |
||
| 260 |
_aDelhi _bGlobal Business Press _c1994 |
||
| 270 |
_a18-19, Dilshad Garden, G.T.Road _bDelhi _e110095 |
||
| 300 |
_axiv,373p. : _c23cm(Hb) _bill. |
||
| 650 |
_aBusiness enterprises _9112338 |
||
| 650 |
_aSouth America -- Commerce -- Directories. _941372 |
||
| 700 |
_aMago, L.D. _918813 |
||
| 942 |
_2ddc _cEN _h382 _mBEH |
||
| 999 |
_c134673 _d134673 |
||